| 000 | 01090nam a22002777a 4500 | ||
|---|---|---|---|
| 003 | EG-ScBUE | ||
| 005 | 20211125132344.0 | ||
| 008 | 090820s1998 ua f 000 f ara d | ||
| 017 | _a98 / 8117 | ||
| 020 | _a9770157406 | ||
| 040 |
_aEG-ScBUE _bara _erda _cEG-ScBUE _dEG-ScBUE |
||
| 082 | 0 | 4 |
_a823.8 _bهـ و ب _222 |
| 100 | 1 |
_aهوب، أنتوني، _d1863-1933، _eمؤلف. |
|
| 245 | 1 | 0 |
_aروبرت اوف هنتزو / _cتأليف أنتوني هوب ؛ ترجمة علي كامل شحاتة ؛ مراجعة مختار السويفي. |
| 264 | 1 |
_aالقاهرة : _bالهيئة المصرية العامة للكتاب، _c1998. |
|
| 300 |
_a278 صفحة ؛ _c12 سم. |
||
| 336 |
_2rdacontent _aنص _btxt |
||
| 337 |
_2rdamedia _aبدون وسيط _bn |
||
| 338 |
_2rdacarrier _aمجلد _bnc |
||
| 490 | 0 |
_aمكتبة الأسرة. _aروائع الأدب العالمي للناشئين |
|
| 650 | 7 |
_98223 _aالقصص الإنجليزية _yقرن 20. _2BUEsh |
|
| 651 | _2BUEsh | ||
| 653 |
_bHHUUEENN _cNovember2021 |
||
| 655 |
_vReading book _934232 |
||
| 942 |
_2ddc _cBB |
||
| 999 |
_c12648 _d12648 |
||